10 Équipes de Football légendaires (21ème siècle) #2 - Statistiques

Statistiques générales
  • Ce quiz a été pris 158 fois
  • Le résultat moyen est 65 sur 120
Statistiques - réponses
Position Joueur % Correct
Att Edinson Cavani
91%
Att Zlatan Ibrahimovic
91%
Att Léo Messi
89%
Def Marquinhos
89%
Att Mohamed Salah
89%
G Alisson
88%
Att Angel Di Maria
88%
Mil Frenkie De Jong
88%
Mil Marco Verratti
88%
Def Matthijs De Ligt
88%
Att Roberto Firmino
88%
Att Sadio Mané
88%
Def Thiago Silva
88%
Att Ronaldo
87%
Def Virgil Van Dijk
87%
G Emiliano Martinez
86%
G Gianluigi Buffon
86%
Def Trent Alexander Arnold
85%
Def Andrew Robertson
83%
G Kevin Trapp
83%
Coach Xabi Alonso
82%
Mil Gilberto Silva
80%
Att Florian Wirtz
79%
Mil Blaise Matuidi
78%
Mil Jordan Henderson
78%
Coach Laurent Blanc
78%
Mil Thiago Motta
78%
Att Dusan Tadic
77%
Mil Jeremie Frimpong
77%
Def Joël Matip
76%
Def Roberto Carlos
76%
Att Ronaldinho
76%
Def Maxwell
75%
Mil Zinédine Zidane
75%
G André Onana
74%
Att Didier Drogba
72%
Coach Jurgen Klopp
71%
Def Fabio Cannavaro
70%
Mil Franck Lampard
67%
Def Marco Materazzi
67%
Mil Andréa Pirlo
66%
Def John Terry
66%
Att Samuel Eto'o
66%
Mil Alex Grimaldo
65%
Mil Fabinho
65%
Coach José Mourinho
65%
Def Nicolas Otamendi
65%
G Petr Cech
65%
G Iker Casillas
62%
Def Jonathan Tah
62%
Att Julian Alvarez
61%
Def Nicolas Tagliafico
61%
Att Hakim Ziyech
60%
G Julio Cesar
59%
Att Raul
59%
Coach Eric Ten Hag
58%
Mil Granit Xhaka
58%
Mil Rodrigo De Paul
58%
Att Victor Boniface
58%
Mil Enzo Fernandez
57%
Def Cafù
55%
Def Daley Blind
55%
Att Diego Milito
55%
Mil Donnie Van de Beek
55%
Mil Georginio Wijnaldum
55%
Def Serge Aurier
52%
Att Rivaldo
51%
Def Fernando Hierro
50%
Mil Javier Zanetti
50%
Mil Alexis Mac Allister
49%
Att Francesco Totti
48%
Mil Wesley Sneijder
48%
Att David Neres
47%
G Lukáš Hrádecký
46%
Mil Joe Cole
43%
Mil Genarro Gattuso
42%
Def Lucio
42%
Att Luis Figo
42%
Mil Claude Makelele
41%
Def Christian Romero
38%
Def Edmond Tapsoba
37%
Def Nahuel Molina
37%
Def Maicon
36%
Mil Esteban Cambiasso
35%
Def Fabio Grosso
35%
Def Gianluigi Zambrotta
32%
Coach Lionel Scaloni
32%
Def Noussair Mazraoui
32%
Mil Lasse Schöne
31%
Mil Robert Andrich
30%
Att Arjen Robben
26%
Def Piero Hincapié
25%
Coach Vicente del Bosque
25%
Att Luca Toni
24%
Att Fernando Morientes
23%
Def Walter Samuel
22%
Def Michel Salgado
21%
Def Ricardo Carvalho
21%
Att Jonas Hoffmann
17%
Def Christian Chivu
16%
Att Goran Pandev
16%
Coach Luiz Felipe Scolari
16%
Mil Mauro Camoranesi
16%
Coach Marcello Lippi
13%
Mil Santiago Solari
11%
Def William Gallas
11%
Def Edmilson
7%
Mil Simone Perrotta
7%
G Marcos
6%
Def Paulo Ferreira
6%
Att Damien Duff
5%
Def Junior Roque
5%
Mil Juninho Paulista
3%
Def Ivan Helgueira
1%
Aucun quiz correspondant
Distribution des résultats
% des personnes avec chaque résultat
Percentile par nombre de réponses
Votre historique - résultats
Vous n’avez pas pris ce quiz